[Event "SWVG Arnold Classic Prestige All 2019"]
[Site "Sandton"]
[Date "2019.05.18"]
[Round "7.4"]
[White "Mnguni, Jacob Dumisani"]
[Black "Bhawoodien, Shabir Hussain"]
[Result "1-0"]
[WhiteElo "2141"]
[BlackElo "2020"]
[Annotator "ChessBase"]
[PlyCount "75"]
[EventDate "2019.05.18"]
[EventType "swiss"]
[EventCountry "RSA"]
[SourceTitle "playchess.com"]
[Source "ChessBase"]
[SourceQuality "1"]
[TimeControl "1500+10"]

1. c4 {[%emt 0:00:00]} c5 {[%emt 0:00:00]} 2. g3 {[%emt 0:00:00]} g6 {[%emt 0:00:00]} 3. Bg2 {[%emt 0:00:00]} Bg7 {[%emt 0:00:00]} 4. Nc3 {[%emt 0:00:00]} Nc6 {[%emt 0:00:00]} 5. e3 {[%emt 0:00:01]} e5 {[%emt 0:00:00]} 6. Nge2 {[%emt 0:00:03]} Nge7 {[%emt 0:00:00]} 7. O-O {[%emt 0:00:02]} a6 {[%emt 0:00:00]} 8. d3 {[%emt 0:00:04]} O-O {[%emt 0:00:00]} 9. f4 {[%emt 0:00:20]} d6 {[%emt 0:00:11]} 10. h3 {[%emt 0:00:05]} Rb8 {[%emt 0:00:08]} 11. a4 {[%emt 0:00:20]} Be6 {[%emt 0:00:39]} 12. e4 {[%emt 0:00:20]} Qd7 {[%emt 0:00:56]} 13. Kh2 {[%emt 0:00:10]} f5 {[%emt 0:00:15]} 14. fxe5 {[%emt 0:00:20]} dxe5 {[%emt 0:00:35]} 15. Nd5 {[%emt 0:00:06]} Nd4 {[%emt 0:00:48]} 16. Nxd4 {[%emt 0:00:22]} cxd4 {[%emt 0:00:06]} 17. b4 {[%emt 0:00:53]} b5 {[%emt 0:00:29]} 18. Nxe7+ {[%emt 0:01:26]} Qxe7 {[%emt 0:00:16]} 19. axb5 {[%emt 0:00:04]} axb5 {[%emt 0:00:01]} 20. c5 {[%emt 0:00:01]} Qd7 {[%emt 0:03:57]} 21. h4 {[%emt 0:00:38]} f4 {[%emt 0:01:33]} 22. Qe1 {[%emt 0:05:15]} Rf7 {[%emt 0:04:49]} 23. Ra6 {[%emt 0:05:01]} Rbf8 {[%emt 0:00:49]} 24. Rd6 {[%emt 0:00:56]} Qc8 {[%emt 0:02:00]} 25. gxf4 {[%emt 0:00:28]} exf4 {[%emt 0:00:57]} 26. Bf3 {[%emt 0:00:01]} Be5 {[%emt 0:00:36]} 27. Rd5 {[%emt 0:00:02]} Qc7 {[%emt 0:01:51]} 28. Rg1 {[%emt 0:00:21]} Ra8 {[%emt 0:00:48]} 29. Bb2 {[%emt 0:01:15]} Rd7 {[%emt 0:02:03]} 30. Rg5 {[%emt 0:00:25]} Bf6 {[%emt 0:00:24]} 31. Rxd7 {[%emt 0:00:15]} Bxd7 {[%emt 0:01:26]} 32. e5 {[%emt 0:00:07]} Re8 {[%emt 0:01:07]} 33. Bd5+ {[%emt 0:00:51]} Kf8 {[%emt 0:00:05]} 34. Bxd4 {[%emt 0:00:24]} Bxg5 {[%emt 0:00:18]} 35. hxg5 {[%emt 0:00:03]} Qd8 {[%emt 0:01:24]} 36. Qh4 {[%emt 0:01:07]} Bf5 {[%emt 0:00:05]} 37. Qh6+ {[%emt 0:00:05]} Ke7 {[%emt 0:00:22]} 38. Qg7# {[%emt 0:00:02] Bc8 [%clk 0:00:00]} 1-0

[Event "SWVG Arnold Classic Prestige All 2019"]
[Site "Sandton"]
[Date "2019.05.18"]
[Round "7.5"]
[White "Erlank, Warrick"]
[Black "Khumalo, Keith"]
[Result "1-0"]
[WhiteElo "1967"]
[BlackElo "2086"]
[Annotator "NA"]
[PlyCount "79"]
[EventDate "2019.05.18"]
[EventType "swiss"]
[EventCountry "RSA"]
[SourceTitle "playchess.com"]
[Source "ChessBase"]
[SourceQuality "1"]
[TimeControl "1500+10"]

1. e4 {[%emt 0:00:00]} c5 {[%emt 0:00:00]} 2. Nf3 {[%emt 0:00:00]} d6 {[%emt 0:00:00]} 3. d4 {[%emt 0:00:00]} cxd4 {[%emt 0:00:01]} 4. Nxd4 {[%emt 0:00:00]} Nf6 {[%emt 0:00:11]} 5. Nc3 {[%emt 0:00:02]} a6 {[%emt 0:00:01]} 6. Be3 {[%emt 0:00:07]} e5 {[%emt 0:00:07]} 7. Nb3 {[%emt 0:00:03]} Be6 {[%emt 0:00:02]} 8. f3 {[%emt 0:00:04]} Nbd7 {[%emt 0:00:01]} 9. g4 {[%emt 0:00:26]} b5 {[%emt 0:00:55]} 10. g5 {[%emt 0:00:25]} Nh5 {[%emt 0:00:02]} 11. Qd2 {[%emt 0:00:15]} Be7 {[%emt 0:00:09]} 12. O-O-O {[%emt 0:00:13] B90: Sicilian Najdorf: Unusual White 6th moves, 6 Be3 Ng4 and 6 Be3 e5} Nb6 {[%emt 0:00:52]} (12... O-O 13. Nd5 Bxd5 14. exd5 f5 15. Rg1 f4 16. Bf2 Bxg5 17. Bh3 Bh6 18. Na5 Kh8 19. Nc6 Qc7 20. Qb4 Ng3 21. Kb1 {½-½ (68) Inarkiev,E (2690)-Sarana,A (2613) Satka 2018}) 13. Bxb6 {[%emt 0:05:09]} Qxb6 {[%emt 0:00:07]} 14. Nd5 {[%emt 0:01:23]} Bxd5 {[%emt 0:00:07]} 15. exd5 {[%emt 0:00:04]} a5 $146 {[%emt 0:01:07]} ({Predecessor:} 15... Nf4 16. h4 O-O 17. Kb1 a5 18. Nc1 b4 19. Ne2 Nh5 20. f4 {0-1 (73) Vikas,S (1346)-Balkishan,A (2026) Bengaluru 2018}) 16. Kb1 {[%emt 0:00:34]} O-O {[%emt 0:00:14]} 17. Nc1 {[%emt 0:01:17]} f5 {[%emt 0:01:56]} 18. Bd3 {[%emt 0:03:49]} Nf4 {[%emt 0:01:06]} 19. h4 {[%emt 0:00:26]} Qc5 {[%emt 0:00:20]} 20. Ne2 {[%emt 0:01:36]} Nxd5 {[%emt 0:02:35]} 21. Bxb5 {[%emt 0:01:34]} Ne3 {[%emt 0:00:51]} 22. Rc1 {[%emt 0:02:41]} a4 {[%emt 0:01:08]} 23. c4 {[%emt 0:00:33]} Bd8 {[%emt 0:00:46]} 24. f4 {[%emt 0:01:03]} Ba5 {[%emt 0:00:36]} 25. Qd3 {[%emt 0:00:02] [#]} Rfb8 {[%emt 0:01:44]} ({Black should try} 25... a3 $1 $17 {[%mdl 512]} 26. b3 (26. bxa3 e4) 26... Rab8) 26. Rh3 {[%emt 0:00:38]} Bb6 {[%emt 0:00:43]} 27. Rc3 {[%emt 0:00:58]} exf4 {[%emt 0:02:23]} 28. Nxf4 {[%emt 0:00:16]} Ng4 {[%emt 0:00:16]} 29. Qd5+ {[%emt 0:00:51]} Qxd5 {[%emt 0:00:11]} 30. Nxd5 {[%emt 0:00:13]} Kf7 {[%emt 0:01:04]} 31. h5 {[%emt 0:00:21]} Bc5 {[%emt 0:00:41]} 32. Rcf3 $18 {[%emt 0:00:33]} g6 {[%emt 0:00:08]} 33. hxg6+ {[%emt 0:00:11]} hxg6 {[%emt 0:00:10]} 34. Rh7+ {[%emt 0:00:05]} Kg8 {[%emt 0:00:04]} 35. Rfh3 {[%emt 0:00:28]} Bd4 {[%emt 0:01:16]} 36. Ne7+ {[%emt 0:00:05]} Kf8 {[%emt 0:00:02]} 37. Nxg6+ {[%emt 0:00:03]} Kg8 {[%emt 0:00:01]} 38. Ne7+ {[%emt 0:00:40] Double Attack} Kf8 {[%emt 0:00:01]} 39. Nxf5 {[%emt 0:00:12]} Be5 {[%emt 0:00:02]} 40. g6 {[%emt 0:00:19]} 1-0

[Event "SWVG Arnold Classic Prestige All 2019"]
[Site "Sandton"]
[Date "2019.05.18"]
[Round "7.8"]
[White "Masiya, Mfundo"]
[Black "Bucceri, Draven"]
[Result "1-0"]
[WhiteElo "1977"]
[BlackElo "1633"]
[Annotator "NA"]
[PlyCount "36"]
[EventDate "2019.05.18"]
[EventType "swiss"]
[EventCountry "RSA"]
[SourceTitle "playchess.com"]
[Source "ChessBase"]
[SourceQuality "1"]
[TimeControl "1500+10"]

1. e4 {[%emt 0:00:00]} e6 {[%emt 0:00:00]} 2. d4 {[%emt 0:00:00]} d5 {[%emt 0:00:00]} 3. Nd2 {[%emt 0:00:00]} Nf6 {[%emt 0:00:00]} 4. e5 {[%emt 0:00:00]} Nfd7 {[%emt 0:00:00]} 5. f4 {[%emt 0:00:00]} c5 {[%emt 0:00:03]} 6. c3 {[%emt 0:00:00]} Nc6 {[%emt 0:00:02]} 7. Ndf3 {[%emt 0:00:00]} cxd4 {[%emt 0:02:19]} 8. cxd4 {[%emt 0:00:00]} b5 {[%emt 0:01:32]} 9. Bd3 {[%emt 0:00:27]} Qb6 {[%emt 0:00:07]} 10. Ne2 {[%emt 0:00:03]} a5 {[%emt 0:00:15]} 11. O-O {[%emt 0:00:05]} Ba6 {[%emt 0:00:09]} 12. Kh1 {[%emt 0:00:34]} Rc8 {[%emt 0:02:36]} 13. f5 {[%emt 0:00:10]} Nb4 {[%emt 0:01:27]} 14. Bb1 {[%emt 0:00:24]} Qc7 {[%emt 0:01:01]} 15. fxe6 {[%emt 0:00:49]} fxe6 {[%emt 0:00:07]} 16. Ng5 {[%emt 0:00:22]} Qc6 {[%emt 0:00:39]} 17. Nf4 {[%emt 0:02:06]} Be7 {[%emt 0:17:33]} 18. g3 {[%emt 0:23:00]} g6 {[%emt 0:00:10]} 1-0

[Event "SWVG Arnold Classic Prestige All 2019"]
[Site "Sandton"]
[Date "2019.05.18"]
[Round "7.10"]
[White "Klevansky, Aron"]
[Black "Sithole, Collins"]
[Result "0-1"]
[WhiteElo "1878"]
[BlackElo "1861"]
[Annotator "NA"]
[PlyCount "68"]
[EventDate "2019.05.18"]
[EventType "swiss"]
[EventCountry "RSA"]
[SourceTitle "playchess.com"]
[Source "ChessBase"]
[SourceQuality "1"]
[TimeControl "1500+10"]

1. e4 {[%emt 0:00:00]} d6 {[%emt 0:00:14]} 2. d4 {[%emt 0:00:06]} Nf6 {[%emt 0:00:04]} 3. Nc3 {[%emt 0:00:10]} g6 {[%emt 0:00:10]} 4. Nf3 {[%emt 0:00:33]} Bg7 {[%emt 0:00:12]} 5. Be3 {[%emt 0:00:25]} O-O {[%emt 0:00:29]} 6. Qd2 {[%emt 0:00:23]} Re8 {[%emt 0:00:03]} 7. O-O-O {[%emt 0:01:13]} c6 {[%emt 0:00:06]} 8. Bh6 {[%emt 0:00:12]} Bh8 {[%emt 0:00:03]} 9. h4 {[%emt 0:00:20]} Bg4 {[%emt 0:00:14]} 10. Re1 {[%emt 0:01:33]} Qa5 {[%emt 0:00:04]} 11. Nh2 {[%emt 0:03:51]} Be6 {[%emt 0:00:19]} 12. a3 {[%emt 0:00:35]} b5 {[%emt 0:00:09]} 13. d5 {[%emt 0:02:54]} cxd5 {[%emt 0:00:04]} 14. exd5 {[%emt 0:00:01]} Nxd5 {[%emt 0:00:16]} 15. Nxd5 {[%emt 0:00:14]} Qxd2+ {[%emt 0:00:04]} 16. Kxd2 {[%emt 0:02:45]} Bxd5 {[%emt 0:00:04]} 17. Bxb5 {[%emt 0:00:02]} Bc6 {[%emt 0:00:02]} 18. Bxc6 {[%emt 0:00:52]} Nxc6 {[%emt 0:00:03]} 19. c3 {[%emt 0:00:10]} Rab8 {[%emt 0:00:10]} 20. Kc2 {[%emt 0:01:01]} Rec8 {[%emt 0:00:04]} 21. Nf3 {[%emt 0:00:16]} Rb7 {[%emt 0:00:11]} 22. Re3 {[%emt 0:01:00]} a5 {[%emt 0:00:06]} 23. Re4 {[%emt 0:01:28]} d5 {[%emt 0:00:29]} 24. Re2 {[%emt 0:02:20]} d4 {[%emt 0:00:10]} 25. Rd1 {[%emt 0:00:16]} e5 {[%emt 0:00:20]} 26. g4 {[%emt 0:01:41]} a4 {[%emt 0:00:25]} 27. Rd3 {[%emt 0:01:34]} f5 {[%emt 0:01:52]} 28. gxf5 {[%emt 0:00:15]} gxf5 {[%emt 0:00:02]} 29. Rd1 {[%emt 0:01:46]} d3+ {[%emt 0:00:13]} 30. Rxd3 {[%emt 0:00:48]} e4 {[%emt 0:00:03]} 31. Rd6 {[%emt 0:00:25]} exf3 {[%emt 0:00:32]} 32. Rxc6 {[%emt 0:00:12]} Rxc6 {[%emt 0:00:29]} 33. Re8+ {[%emt 0:00:05]} Kf7 {[%emt 0:00:02]} 34. Rf8+ {[%emt 0:00:25]} Kg6 {[%emt 0:00:15]} 0-1

[Event "SWVG Arnold Classic Prestige All 2019"]
[Site "Sandton"]
[Date "2019.05.18"]
[Round "7.11"]
[White "Van Der Walt, Pierre E."]
[Black "Simpson, Michael M"]
[Result "1-0"]
[WhiteElo "1993"]
[BlackElo "1995"]
[Annotator "NA"]
[PlyCount "44"]
[EventDate "2019.05.18"]
[EventType "swiss"]
[EventCountry "RSA"]
[SourceTitle "playchess.com"]
[Source "ChessBase"]
[SourceQuality "1"]
[TimeControl "1500+10"]

1. e4 {[%emt 0:00:00]} c5 {[%emt 0:00:00]} 2. Nc3 {[%emt 0:00:00]} a6 {[%emt 0:00:00]} 3. f4 {[%emt 0:00:00]} b5 {[%emt 0:00:00]} 4. Nf3 {[%emt 0:00:02]} Bb7 {[%emt 0:00:00]} 5. d3 {[%emt 0:00:39]} e6 {[%emt 0:00:00]} 6. Be2 {[%emt 0:00:22]} Ne7 {[%emt 0:00:00]} 7. O-O {[%emt 0:00:09]} d5 {[%emt 0:00:01]} 8. exd5 {[%emt 0:00:29]} Nxd5 {[%emt 0:00:02]} 9. Ne5 {[%emt 0:00:36]} g6 {[%emt 0:00:44]} 10. Bf3 {[%emt 0:00:19]} Nxc3 {[%emt 0:00:22]} 11. bxc3 {[%emt 0:00:03]} Qc7 {[%emt 0:00:07]} 12. Qe2 {[%emt 0:02:39]} Nd7 {[%emt 0:00:08]} 13. Re1 {[%emt 0:02:17]} Bg7 {[%emt 0:00:05]} 14. Nxf7 {[%emt 0:02:31]} Kxf7 {[%emt 0:00:28]} 15. Qxe6+ {[%emt 0:00:02]} Kf8 {[%emt 0:00:06]} 16. Qe7+ {[%emt 0:00:07]} Kg8 {[%emt 0:00:06]} 17. Bg4 {[%emt 0:00:20]} Bd5 {[%emt 0:02:19]} 18. Bxd7 {[%emt 0:01:11]} Ra7 {[%emt 0:02:15]} 19. Qe8+ {[%emt 0:00:44]} Bf8 {[%emt 0:00:02]} 20. Be6+ {[%emt 0:00:32]} Bxe6 {[%emt 0:00:05]} 21. Qxe6+ {[%emt 0:00:38]} Kg7 {[%emt 0:00:00]} 22. c4 {[%emt 0:15:00]} Ra8 {[%emt 0:21:50]} 1-0

[Event "SWVG Arnold Classic Prestige All 2019"]
[Site "Sandton"]
[Date "2019.05.19"]
[Round "8.2"]
[White "Makoto, Rodwell"]
[Black "Mnguni, Jacob Dumisani"]
[Result "1-0"]
[WhiteElo "2369"]
[BlackElo "2141"]
[Annotator "TA"]
[PlyCount "29"]
[EventDate "2019.05.18"]
[EventType "swiss"]
[EventCountry "RSA"]
[SourceTitle "playchess.com"]
[Source "ChessBase"]
[SourceQuality "1"]

{[%evp 12,29,25,21,19,12,18,20,22,0,0,0,0,0,8,4,24,23,247,242]} 1. Nf3 Nf6 2. c4 c6 3. g3 d5 4. Bg2 Bg4 5. Ne5 Be6 6. cxd5 Bxd5 7. Nf3 e5 {A11: English Opening: 1...c6} (7... c5 8. Nc3 Bc6 9. O-O e6 10. Qc2 Be7 11. Rd1 O-O 12. d4 cxd4 13. Nxd4 Bxg2 14. Kxg2 Nbd7 15. Bg5 {½-½ (15) Svidler,P (2765)-Karjakin,S (2760) Riadh 2017}) 8. d3 Bd6 9. O-O O-O {The position is equal.} 10. e4 Be6 11. d4 Nbd7 12. Nc3 Bc4 13. Re1 Re8 14. h3 exd4 $146 {[#]} (14... Bb4 $11) ({Predecessor:} 14... Qc7 15. Qc2 exd4 16. Nxd4 {½-½ (25) Ilic,Z (2313)-Kostic,M (2237) Zrenjanin 2018}) 15. Qxd4 {[%mdl 64] Double Attack} 1-0

[Event "SWVG Arnold Classic Prestige All 2019"]
[Site "Sandton"]
[Date "2019.05.19"]
[Round "8.3"]
[White "Mwale, Joseph"]
[Black "Mabusela, Johannes Manyedi"]
[Result "1-0"]
[WhiteElo "2274"]
[BlackElo "2220"]
[Annotator "TA"]
[PlyCount "97"]
[EventDate "2019.05.18"]
[EventType "swiss"]
[EventCountry "RSA"]
[SourceTitle "playchess.com"]
[Source "ChessBase"]
[SourceQuality "1"]

{[%evp 9,97,58,133,127,202,205,183,185,271,291,241,147,321,300,232,99,97,90,94,48,97,97,144,120,130,144,150,102,167,147,163,156,167,183,250,242,290,285,302,154,250,248,241,239,227,240,234,243,252,239,241,178,210,203,220,220,211,202,210,200,166,12,658,651,801,812,896,889,856,813,1837,1822,1647,1541,1363,814,813,752,878,835,2081,1953,29968,29967,29972,29973,29972,29974,29965,5991]} 1. Nf3 Nf6 2. c4 b6 3. g3 Ba6 (3... Bb7 4. Bg2 g6 5. d4 Bg7 6. O-O e6 7. Bf4 d6 8. Qc2 O-O 9. Nc3 Nc6 10. Rad1 Qe7 11. Rfe1 Nxd4 12. Nxd4 Bxg2 13. Kxg2 e5 14. Be3 exd4 15. Bxd4 {1-0 (59) Wei,Y (2733)-Howell,D (2693) Astana 2019}) 4. d3 c6 5. e4 $146 ({Predecessor:} 5. Bg2 d5 6. cxd5 cxd5 7. O-O e6 8. Nc3 Be7 9. Bf4 O-O 10. Qa4 Qd7 11. Qxd7 Nbxd7 {0-1 (23) Makoto,R (2371)-Oatlhotse,P (2200) Boksburg 2018}) 5... d5 (5... d6 $14) 6. e5 $16 {A15: English Opening: 1...Nf6} Nfd7 {[#]} (6... Ng4 $16) 7. e6 $1 $18 {[%mdl 512]} fxe6 8. Ng5 {White is clearly better.} Nf6 (8... Qc7 $142 9. Nxe6 Qe5+ 10. Qe2 dxc4 11. dxc4 (11. Qxe5 Nxe5 12. Nc7+ Kd8 $18) 11... Kf7) 9. Nxe6 Qd6 10. Bh3 Bc8 $2 (10... Qe5+ $16 11. Qe2 Qxe2+ 12. Kxe2 Bc8) 11. Bf4 Qb4+ 12. Qd2 (12. Nd2 $18 {and White stays clearly on top.}) 12... Qxd2+ $16 13. Nxd2 {And now Nc7+ would win.} (13. Bxd2 Na6 $11) 13... Na6 {Black wants to play ...Bxe6.} 14. Nb3 h6 15. O-O-O Rg8 16. Rhe1 $36 {[%mdl 2048] White is in control.} g5 17. Bd2 Bd7 18. Bc3 {Black must now prevent Bxf6.} Kf7 (18... g4 $16 {keeps fighting.}) 19. Bxf6 Kxf6 {[#]} 20. Nxg5 $1 {[%mdl 512]} Bxh3 (20... Kxg5 21. Bxd7) 21. Nxh3 e5 (21... Rd8 $142 22. cxd5 Rxd5) 22. f4 $18 Bd6 23. fxe5+ Bxe5 24. Re2 (24. Re3 $18) 24... Rge8 (24... dxc4 $16 {was called for.} 25. dxc4 Rae8) 25. Rf1+ Kg7 26. Rfe1 Nb4 {[#]} 27. Kd2 $1 dxc4 {[#]} 28. Nc1 $1 ({Less strong is} 28. Rxe5 Rxe5 29. Rxe5 cxb3 $16) 28... Kf6 29. Nf2 h5 30. a3 ({Resist} 30. dxc4 $6 Rad8+ 31. Ncd3 c5 $16) 30... Nxd3 31. Ncxd3 cxd3 32. Nxd3 Rad8 33. Kc2 ({Not} 33. Rxe5 Rxe5 34. Rxe5 Rxd3+ 35. Kxd3 Kxe5 $11) 33... Rd5 34. Rf1+ Kg7 35. Rf5 $2 (35. b4 $18) 35... Red8 $2 {[%mdl 8192]} (35... Bc7 $11 36. Rxe8 Rxf5) 36. Nxe5 Rc5+ 37. Kb3 Rdd5 38. Rxh5 a5 39. h4 Rb5+ 40. Ka2 Rbc5 41. Rg5+ Kf6 42. Rf2+ Ke6 43. Nf3 a4 44. Rxd5 Kxd5 45. h5 Ke4 46. h6 {White mates.} Ra5 47. h7 Ra8 48. Ng5+ Ke3 49. Rh2 {Accuracy: White = 56%, Black = 29%.} (49. Rf6 $142 c5 50. Rxb6 Rh8 51. Rh6 c4 52. Nf7 Rb8 53. h8=Q Rxh8 54. Rxh8) 1-0

[Event "SWVG Arnold Classic Prestige All 2019"]
[Site "Sandton"]
[Date "2019.05.19"]
[Round "8.4"]
[White "Zwakala, Ntando"]
[Black "Erlank, Warrick"]
[Result "0-1"]
[WhiteElo "2088"]
[BlackElo "1967"]
[Annotator "NA RC"]
[PlyCount "78"]
[EventDate "2019.05.18"]
[EventType "swiss"]
[EventCountry "RSA"]
[SourceTitle "playchess.com"]
[Source "ChessBase"]
[SourceQuality "1"]
[TimeControl "1500+10"]

1. Nf3 {[%emt 0:00:00]} Nf6 {[%emt 0:00:00]} 2. c4 {[%emt 0:00:00]} e6 {[%emt 0:00:00]} 3. d4 {[%emt 0:00:03]} d5 {[%emt 0:00:01]} 4. Nc3 {[%emt 0:00:02]} c6 {[%emt 0:00:03]} 5. Bg5 {[%emt 0:00:37]} dxc4 {[%emt 0:00:24]} 6. e4 {[%emt 0:00:13]} b5 {[%emt 0:00:06]} 7. e5 {[%emt 0:00:14]} h6 {[%emt 0:00:05]} 8. Bh4 {[%emt 0:00:56]} g5 {[%emt 0:00:03]} 9. Nxg5 {[%emt 0:00:35]} hxg5 {[%emt 0:00:44]} 10. Bxg5 {[%emt 0:00:03]} Nbd7 {[%emt 0:00:02]} 11. exf6 {[%emt 0:00:08]} Bb7 {[%emt 0:00:34]} 12. Be2 {[%emt 0:01:24]} Bh6 {[%emt 0:05:05] D44: Semi-Slav: Botvinnik System} (12... Qb6 13. Bf3 O-O-O 14. Qe2 Qxd4 15. Rd1 Qe5 16. h4 Bd6 17. Ne4 Bc7 18. g3 c5 19. Bf4 Qf5 20. Nd6+ {½-½ (20) Batrakov,A (2517)-Efremov,A (2564) ICCF email 2015}) 13. Bxh6 $1 {[%emt 0:02:10]} Rxh6 {[%emt 0:00:02]} 14. Qd2 {[%emt 0:00:10]} Rh8 {[%emt 0:01:48]} 15. Bf3 {[%emt 0:01:23]} Qc7 {[%emt 0:02:21]} 16. a4 $146 {[%emt 0:04:39]} ({Predecessor:} 16. h4 O-O-O 17. Ne4 Ne5 18. Be2 Nd3+ 19. Bxd3 Rxd4 20. Nc5 {½-½ (48) Makarov,A (1787)-Ashomkin,M (1985) Irkutsk 2011}) 16... a6 {[%emt 0:04:36]} 17. h3 {[%emt 0:03:53]} O-O-O {[%emt 0:02:26]} 18. O-O {[%emt 0:02:11]} Rdg8 {[%emt 0:01:36]} (18... b4 $15 19. Ne2 Ne5) 19. Kh1 {[%emt 0:03:10]} Nxf6 {[%emt 0:00:37]} 20. Qe3 {[%emt 0:01:17]} b4 {[%emt 0:01:05]} 21. Na2 $2 {[%emt 0:00:36]} (21. Ne2 $17) 21... c5 {[%emt 0:00:34]} 22. dxc5 $2 {[%emt 0:01:22]} (22. Bxb7+ Qxb7 23. f3) 22... Ng4 {[%emt 0:02:28]} 23. Bxb7+ {[%emt 0:00:25]} Qxb7 {[%emt 0:00:38]} 24. Qg3 {[%emt 0:01:10]} Nxf2+ {[%emt 0:00:32]} 25. Qxf2 {[%emt 0:00:15]} Rxh3+ {[%emt 0:00:03]} 26. Kg1 {[%emt 0:00:12]} Rhg3 {[%emt 0:00:03]} 27. c6 {[%emt 0:00:15]} Qxc6 {[%emt 0:00:18]} 28. Qxg3 {[%emt 0:00:05]} Rxg3 {[%emt 0:00:09]} 29. Rf2 {[%emt 0:00:02]} Qxa4 {[%emt 0:00:22]} 30. Rff1 {[%emt 0:00:15]} Qc6 {[%emt 0:00:24]} 31. Rf2 {[%emt 0:00:02]} a5 {[%emt 0:00:03]} 32. Rc1 {[%emt 0:00:07]} Rg4 {[%emt 0:00:21]} 33. Rd1 {[%emt 0:00:15] [#]} Qa4 $1 {[%emt 0:00:23]} 34. b3 {[%emt 0:00:09]} Qxb3 {[%emt 0:00:21]} 35. Re1 {[%emt 0:00:22]} c3 {[%emt 0:00:27]} 36. Nc1 {[%emt 0:00:06]} Qd5 {[%emt 0:00:04]} 37. Ne2 {[%emt 0:00:23]} c2 {[%emt 0:00:28]} 38. Nc3 {[%emt 0:00:20]} bxc3 {[%emt 0:00:17]} 39. Rxc2 {[%emt 0:00:05]} Qd4+ {[%emt 0:00:07]} 0-1

[Event "SWVG Arnold Classic Prestige All 2019"]
[Site "Sandton"]
[Date "2019.05.19"]
[Round "8.5"]
[White "Oatlhotse, Providence"]
[Black "Smit, Devon"]
[Result "1-0"]
[WhiteElo "2289"]
[BlackElo "1743"]
[Annotator "NA RC"]
[PlyCount "71"]
[EventDate "2019.05.18"]
[EventType "swiss"]
[EventCountry "RSA"]
[SourceTitle "playchess.com"]
[Source "ChessBase"]
[SourceQuality "1"]
[TimeControl "1500+10"]

{[%evp 16,71,67,41,50,43,41,22,57,26,58,53,54,62,56,52,67,77,50,60,75,32767,128,77,90,87,156,32767,32767,32767,32767,146,146,144,121,107,107,32767,122,122,133,160,194,214,207,225,216,32767,741,32767,729,854,32767,911,910,32767,29990,29991]} 1. d4 {[%emt 0:00:12]} Nf6 {[%emt 0:00:00]} 2. c4 {[%emt 0:00:01]} g6 {[%emt 0:00:00]} 3. Nc3 {[%emt 0:00:01]} Bg7 {[%emt 0:00:00]} 4. e4 {[%emt 0:00:01]} d6 {[%emt 0:00:00]} 5. Be2 {[%emt 0:00:02]} O-O {[%emt 0:00:04]} 6. Nf3 {[%emt 0:00:01]} e5 {[%emt 0:00:03]} 7. O-O {[%emt 0:00:02]} Nc6 {[%emt 0:00:03]} 8. d5 {[%emt 0:00:00]} Ne7 {[%emt 0:00:04]} 9. Rb1 {[%emt 0:00:01]} Nd7 {[%emt 0:00:11] E97: King's Indian: Classical Main Line (6...e5 7 0-0 Nc6): 8 Be3 and 8 d5 Ne7, not 9 Ne1} 10. b4 {[%emt 0:00:03]} a5 {[%emt 0:00:07]} 11. a3 {[%emt 0:00:02]} f5 {[%emt 0:00:19]} (11... Kh8 12. Be3 Ng8 13. c5 axb4 14. axb4 f5 15. Ng5 Nxc5 16. bxc5 f4 17. Bd2 Qxg5 {1-0 (41) Nikolaidis,I (2493)-Jankovic,A (2567) Leros 2010}) 12. Ng5 {[%emt 0:00:02]} Nf6 $1 {[%emt 0:00:07]} 13. f3 $146 {[%emt 0:00:01]} ({Predecessor:} 13. f4 h6 14. fxe5 dxe5 15. Nf3 Nxe4 16. Nxe4 fxe4 17. Nd2 {0-1 (36) Petrovskis,O (1862)-Stremavicius,T (2002) Palanga 2011}) 13... f4 {[%emt 0:00:43]} 14. c5 {[%emt 0:00:58]} h6 {[%emt 0:01:46]} 15. Ne6 {[%emt 0:01:30]} Bxe6 $1 {[%emt 0:00:04]} 16. dxe6 {[%emt 0:00:01]} d5 {[%emt 0:00:08]} 17. exd5 {[%emt 0:00:23]} Nexd5 {[%emt 0:00:18]} 18. Nxd5 {[%emt 0:02:19]} Qxd5 {[%emt 0:00:46]} (18... Nxd5 $14 19. Qb3 c6) 19. Qc2 {[%emt 0:00:52]} ({White should try} 19. Qxd5 Nxd5 20. Bc4) 19... Qxe6 {[%emt 0:03:00]} 20. Qxg6 {[%emt 0:00:56]} Qf7 {[%emt 0:00:06]} (20... Kh8 $142) 21. Qxf7+ {[%emt 0:01:30]} Kxf7 {[%emt 0:00:01]} 22. Bc4+ {[%emt 0:00:02]} Ke7 {[%emt 0:00:04]} 23. Re1 {[%emt 0:00:51]} Nd7 {[%emt 0:00:16]} 24. bxa5 {[%emt 0:01:01]} Rxa5 {[%emt 0:00:45]} 25. Bd2 {[%emt 0:00:02]} Ra7 {[%emt 0:01:35]} 26. Bb4 {[%emt 0:00:04]} c6 {[%emt 0:00:29]} 27. Rbd1 {[%emt 0:00:01]} Rd8 {[%emt 0:00:59] [#]} 28. Rd4 $1 {[%emt 0:01:31]} Nf8 $18 {[%emt 0:01:58]} (28... Rf8 $16 {was worth a try.} 29. Rd6 Rf6) 29. Rxf4 $1 {[%emt 0:02:59]} Ne6 {[%emt 0:00:01]} 30. Rg4 {[%emt 0:00:09]} Bf6 {[%emt 0:01:08]} 31. f4 {[%emt 0:01:31]} Nd4 $2 {[%emt 0:04:26]} (31... Rd4 $16 32. fxe5 Bh4 33. Rxd4 Nxd4) 32. fxe5 {[%emt 0:00:35]} Bg5 {[%emt 0:00:03]} 33. h4 {[%emt 0:00:24]} Nc2 {[%emt 0:00:50]} 34. hxg5 {[%emt 0:01:28]} Nxe1 {[%emt 0:00:13]} 35. gxh6 {[%emt 0:00:07]} Nc2 {[%emt 0:00:38]} 36. Rg7+ {[%emt 0:00:12]} 1-0